| 000 | 00290 a2200121 4500 | ||
|---|---|---|---|
| 999 |
_c328243 _d328243 |
||
| 001 | 93170 | ||
| 003 | NUST | ||
| 005 | 20180120131545.0 | ||
| 008 | 180120b xxu||||| |||| 00| 0 eng d | ||
| 082 | _a291.19549/HAR | ||
| 100 |
_aHaroon Khalid _99197 |
||
| 245 |
_aTa'asub Ka Par _hUrdu |
||
| 260 |
_aLahore _bFaiz Foundation Trust _c2016 |
||
| 300 | _a187p. | ||
| 942 |
_aCAE NUST _cBK _k291.19549/HAR _2ddc |
||